Modern Electronic Navigation Aids / (Record no. 513)

000 -LEADER
fixed length control field 00645nam a2200229 a 4500
008 - FIXED-LENGTH DATA ELEMENTS--GENERAL INFORMATION
fixed length control field 190909b ii ad||gd|||| 00| 0 eng d
020 ## - INTERNATIONAL STANDARD BOOK NUMBER
International Standard Book Number 9788110003937
Terms of availability Rs. 400.00
040 ## - CATALOGING SOURCE
Original cataloging agency IMU Kochi Library
Language of cataloging eng
041 0# - LANGUAGE CODE
Language code of text/sound track or separate title eng
044 ## - COUNTRY OF PUBLISHING/PRODUCING ENTITY CODE
MARC country code India
082 04 - DEWEY DECIMAL CLASSIFICATION NUMBER
Edition number 23
Classification number 623.893
Item number B4695
100 1# - MAIN ENTRY--PERSONAL NAME
Personal name Bhatia, A. G.
245 10 - TITLE STATEMENT
Title Modern Electronic Navigation Aids /
250 ## - EDITION STATEMENT
Edition statement 10th Rev. Ed.
260 ## - PUBLICATION, DISTRIBUTION, ETC. (IMPRINT)
Place of publication, distribution, etc Mumbai :
Name of publisher, distributor, etc Lata Publications,
Date of publication, distribution, etc 2003
300 ## - PHYSICAL DESCRIPTION
Extent 180 p. :
Other physical details col. ill. ;
Dimensions 28 cm.
650 #0 - SUBJECT ADDED ENTRY--TOPICAL TERM
Topical term or geographic name as entry element Navigation
Form subdivision Textbooks
650 #0 - SUBJECT ADDED ENTRY--TOPICAL TERM
Topical term or geographic name as entry element Electronics in navigation
Form subdivision Textbooks
700 1# - ADDED ENTRY--PERSONAL NAME
Personal name Sinha, S. K.
Relator term Joint Author
852 ## - LOCATION/CALL NUMBER
Location IMU Kochi Library
942 ## - ADDED ENTRY ELEMENTS (KOHA)
Item type Books
Holdings
Withdrawn status Lost status Source of classification or shelving scheme Damaged status Not for loan Collection code Permanent location Current location Shelving location Date acquired Source of acquisition Cost, normal purchase price Total Checkouts Full call number Barcode Date last seen Date last borrowed Koha item type Public note Total Renewals
          Nautical Science IMU Kochi Library IMU Kochi Library General Stacks 2012-06-29 Sterling Book House(Inv. No.861 Dt 2012-08-13) 400.00 6 623.893 B4695 BK000431 2023-04-21 2023-04-13 Books Gen. Shelf-14, Row-5  
          Nautical Science IMU Kochi Library IMU Kochi Library General Stacks 2012-06-29 Sterling Book House(Inv. No.861 Dt 2012-08-13) 400.00 7 623.893 B4695 BK000432 2023-12-01 2023-12-01 Books Gen. Shelf-14, Row-5  
          Nautical Science IMU Kochi Library IMU Kochi Library General Stacks 2012-06-29 Sterling Book House(Inv. No.861 Dt 2012-08-13) 400.00 5 623.893 B4695 BK000433 2023-11-17 2023-11-17 Books Gen. Shelf-14, Row-5  
          Nautical Science IMU Kochi Library IMU Kochi Library General Stacks 2012-06-29 Sterling Book House(Inv. No.861 Dt 2012-08-13) 400.00 9 623.893 B4695 BK000434 2023-06-19 2023-05-08 Books Gen. Shelf-14, Row-5 14


Copyright © All Rights Reserved by Indian Maritime University, Kochi Campus.
For any Suggestions/Query Contact to library or Email: library.kochi@imu.ac.in Ph:(0484)-2989402
(Web OPAC Designed by Rudra Ranjan. Maintained by IMU Kochi Library)

Powered by Koha